Conjugate the French Verb - Statistics

General Stats
  • This quiz has been taken 112 times
  • The average score is 10 of 14
Answer Stats
Pronoun Infinitive Verb Tense Correct Conjugation % Correct
Il Marcher Present Marche
99%
Nous Rentrer Present Rentrons
92%
On Achèter Futur Achètera
79%
Tu Sortir Present Sors
77%
Ils Être Imparfait Étaient
74%
Je Manger Imparfait Mangeais
71%
Elles Faire Imparfait Faisaient
67%
Elle Faire Futur Fera
67%
Il Croire Futur Croira
63%
Nous Rappeler Imparfait Rappelions
59%
Tu Comprendre Passé Composé As Compris
57%
On Tenir Present Tient
56%
Tu Devenir Passé Composé Es Devenu
45%
Je Recevoir Futur Recevrai
45%
No matching quizzes found
Score Distribution
Percent of People with Each Score
Percentile by Number Answered
Your Score History
You have not taken this quiz